5HLuxD.jpg

KING HENRY VIII SENIOR AND PRIMARY SCHOOL LIBRARY OPAC

The runaway girls/ (Record no. 3470)

000 -LEADER
fixed length control field 01463nam a22002177a 4500
005 - DATE AND TIME OF LATEST TRANSACTION
control field 20240126142133.0
008 - FIXED-LENGTH DATA ELEMENTS--GENERAL INFORMATION
fixed length control field 240126b ||||| |||| 00| 0 eng d
020 ## - INTERNATIONAL STANDARD BOOK NUMBER
International Standard Book Number 9780552578639
040 ## - CATALOGING SOURCE
Transcribing agency KH8
082 ## - DEWEY DECIMAL CLASSIFICATION NUMBER
Classification number 823.92 WIL
100 ## - MAIN ENTRY--PERSONAL NAME
Personal name Wilson, Jacqueline
Relator term Author
245 ## - TITLE STATEMENT
Title The runaway girls/
Statement of responsibility, etc. Jacqueline Wilson
260 ## - PUBLICATION, DISTRIBUTION, ETC.
Place of publication, distribution, etc. England,
Name of publisher, distributor, etc. Doubleday, London,
Date of publication, distribution, etc. 2021
300 ## - PHYSICAL DESCRIPTION
Extent 302 pages :
Other physical details illustrations ;
Dimensions 22 cm.
520 ## - SUMMARY, ETC.
Summary, etc. Victorian London, 1851. Queen Victoria is on the throne and the Great Exhibition is about to open! Lucy Locket lives with her father, the New Mother and the New Baby. They sent away her beloved Nurse and replaced her with a horrid governess. Lucy desperately wants someone to be kind to her, and to have some fun, there's very little of that in her house. Kitty Fisher is a street performer who earns tin for her supper by tumbling. She has always lived on the street and on her wits, with only the kind Gaffer to help her. But now Gaffer is gone, and Kitty is all alone. When Lucy runs away from home, Kitty shows Lucy how to survive, where to find the best picnic leftovers in the park, and which trees makes the best beds. Lucy learns quickly and shows Kitty her own skills, befriending families to get free meals and singing beautiful melodies for the crowds
521 ## - TARGET AUDIENCE NOTE
Target audience note <br/>Children's stories
650 ## - SUBJECT ADDED ENTRY--TOPICAL TERM
Topical term or geographic name entry element Children's stories
650 ## - SUBJECT ADDED ENTRY--TOPICAL TERM
Chronological subdivision 1800-1899
700 ## - ADDED ENTRY--PERSONAL NAME
Personal name Nick Sharratt
Relator term Illustrator
942 ## - ADDED ENTRY ELEMENTS (KOHA)
Source of classification or shelving scheme
Koha item type Books - Fiction
Holdings
Withdrawn status Lost status Source of classification or shelving scheme Damaged status Not for loan Collection code Permanent Location Current Location Shelving location Date acquired Total Checkouts Full call number Barcode Date last seen Date last checked out Price effective from Koha item type Date due
          Fiction KH8 Primary School Library KH8 Primary School Library Non Fiction 2024-01-26 1 823.92 WIL KHPL000004415 2025-12-05 2025-03-10 2024-01-26 Books - Fiction  
          Fiction KH8 Senior School Library KH8 Senior School Library Fiction 2025-10-29 1 FIC WIL 3KHSL000102486 2026-02-10 2026-02-10 2025-10-29 Books - Fiction 2026-02-26

Powered By KH8 IT Dept